UBT Library

The 7 good habits of Sunnyvale kids. (Record no. 43457)

000 -LEADER
fixed length control field 00956cam a2200217 a 4500
001 - CONTROL NUMBER
control field 15898206
005 - DATE AND TIME OF LATEST TRANSACTION
control field 20180226074121.0
008 - FIXED-LENGTH DATA ELEMENTS--GENERAL INFORMATION
fixed length control field 090908s2000 ksua j 000 0 eng
010 ## - LIBRARY OF CONGRESS CONTROL NUMBER
LC control number 2009502409
040 ## - CATALOGING SOURCE
Original cataloging agency DLC
Transcribing agency DLC
Modifying agency DLC
041 ## - LANGUAGE CODE
Language code of text/sound track or separate title eng
080 ## - UNIVERSAL DECIMAL CLASSIFICATION NUMBER
Universal Decimal Classification number 646.70083 COV
082 00 - DEWEY DECIMAL CLASSIFICATION NUMBER
Classification number 646.70083 COV
Edition number 22
100 ## - Rafti
Rafti 48
101 ## - Shkurtesa
Shkurtesa PSI
245 04 - TITLE STATEMENT
Title The 7 good habits of Sunnyvale kids.
246 3# - VARYING FORM OF TITLE
Title proper/short title Seven good habits of Sunnyvale kids.
906 ## - LOCAL DATA ELEMENT F, LDF (RLIN)
a 7
b cbc
c orignew
d 2
e ncip
f 20
g y-gencatlg
942 ## - ADDED ENTRY ELEMENTS (KOHA)
Source of classification or shelving scheme
Item type Books
Holdings
Withdrawn status Lost status Source of classification or shelving scheme Damaged status Not for loan Collection code Permanent location Current location Shelving location Date acquired Total Checkouts Full call number Barcode Date last seen Price effective from Koha item type
          Koleksioni i përgjithshem UBT - Lipjan UBT - Lipjan Koleksioni i përgjithshem 02/26/2018   646.70083 COV 002-2999790 02/26/2018 02/26/2018 Books
UBT Library © 2015-2024. All rights reserved University Education for Business and Technology